| 000 | 00610nam a22001937a 4500 | ||
|---|---|---|---|
| 003 | OSt | ||
| 005 | 20140310181714.0 | ||
| 008 | 121213t xxu||||| |||| 00| 0 eng d | ||
| 020 | _a9715690017 | ||
| 050 |
_aGR 325 _b.C551 1990 |
||
| 082 |
_aFIL 808.899282 _bC456ga 1990 |
||
| 100 | _aChorengel, Marla Yatoko | ||
| 245 |
_aGabi and the engkanto : _cMarla Yatoko Chorengel. _bthe story of the first gabi plant and why its leaves never get wet / |
||
| 260 |
_aMakati City : _bBookmark, _cc1990. |
||
| 300 |
_a1 v. [unpaged] : _bill. ; _c19 x 26 cm. |
||
| 562 | _e1 | ||
| 942 |
_2lcc _cBK _kFIL |
||
| 999 |
_c1689 _d1689 |
||